| 000 | 00733nac a22002291u 4500 | ||
|---|---|---|---|
| 010 | _a66023407 | ||
| 082 | 0 | 0 |
_a578 _bC836 |
| 090 |
_c1730 _d1730 |
||
| 100 | _aCosslett, V. E. | ||
| 245 | 1 | 0 |
_aModern microscopy; _bor, Seeing the very small _c[by] V. E. Cosslett. |
| 260 |
_aIthaca, N.Y., _bCornell University Press _c[1966] |
||
| 300 |
_a160 p. _billus. _c23 cm. |
||
| 440 | 0 | _aRoyal Institution Christmas lectures, 131st course | |
| 500 | _aDonations | ||
| 500 | _aDonations - Dr. Mostafa Gouda | ||
| 650 | 0 | _aMicroscopy. | |
| 740 | _aSeeing the very small. | ||
| 942 |
_cBB _k578C836 _hRDA-MOD |
||
| 999 |
_c1730 _d1730 |
||
| 336 |
_2rdacontent _atext _btxt |
||
| 337 |
_aunmediated _2rdamedia _bn |
||
| 338 |
_avolume _bnc _2rdacarrier |
||